| 000 | 00547 a2200181 4500 | ||
|---|---|---|---|
| 999 |
_c6969 _d6969 |
||
| 020 | _a007707643 | ||
| 050 | _aHD31 ROS 1999 | ||
| 100 |
_aRosenfeld, Robert. H. _eAuthor |
||
| 245 |
_aManagig organizations : _btext, readings and cases / _cRobert H. Rosenfeld and David C. Wilson |
||
| 250 | _a2nd. ed. | ||
| 264 |
_aLondon: _bMcGraw-Hill Publishing Company, _c1999. |
||
| 300 | _a586p. : | ||
| 500 | _aIncludes index | ||
| 650 | _aManagement | ||
| 650 | _aOrganization | ||
| 700 |
_aWilson, David C. _eAuthor |
||
| 942 |
_2lcc _cBK _e2nd _h31 _iROS _kHD |
||